Agents of change in the retail warehouse market (Record no. 117388)

MARC details
000 -LEADER
fixed length control field 01706cam a2200313 4500
001 - CONTROL NUMBER
control field ABS67821
008 - FIXED-LENGTH DATA ELEMENTS--GENERAL INFORMATION
fixed length control field 040524n2004 000 0 eng u
035 ## - SYSTEM CONTROL NUMBER
System control number (Sirsi) u126265
100 ## - MAIN ENTRY--PERSONAL NAME
Personal name Taylor, M.
245 ## - TITLE STATEMENT
Title Agents of change in the retail warehouse market
260 ## - PUBLICATION, DISTRIBUTION, ETC.
Date of publication, distribution, etc. 2004
490 ## - SERIES STATEMENT
Series statement Journal of Retail and Leisure Property
Volume/sequential designation 3(4) 2004, 343-352(10)
520 ## - SUMMARY, ETC.
Summary, etc. Examines the consolidation of occupation and ownership within the retail warehouse park sector, the polarisation of existing schemes towards fashion, bulky goods destination and convenience parks, a process accelerated by continuing occupier and investor demand as well as supply restricted by tighter town planning controls. Presents two case studies, Deepdale Park in Preston and St Andrews Quay in Hull, to illustrate park evolution and demonstrate the sector's attractiveness to investors and developers. Views limited partnerships and property unit trusts as the investment vehicles at the forefront in the retail warehouse sector. Figures cover retail warehouse park openings since 1981, Deepdale Park and St Andrews Quay before reconfiguration/existing configuration. Tables cover ownership of retail warehouse floor space, Deepdale and St Andrews Quay tenants. [Taken from journal abstract].
590 ## - LOCAL NOTE (RLIN)
Local note ABS
590 ## - LOCAL NOTE (RLIN)
Local note ABS
650 ## - SUBJECT ADDED ENTRY--TOPICAL TERM
Topical term or geographic name entry element SHOPPING PARKS
650 ## - SUBJECT ADDED ENTRY--TOPICAL TERM
Topical term or geographic name entry element BUSINESS TENANTS
650 ## - SUBJECT ADDED ENTRY--TOPICAL TERM
Topical term or geographic name entry element Refurbishment
9 (RLIN) 6264
650 ## - SUBJECT ADDED ENTRY--TOPICAL TERM
Topical term or geographic name entry element REDEVELOPMENT
650 ## - SUBJECT ADDED ENTRY--TOPICAL TERM
Topical term or geographic name entry element LIMITED PARTNERSHIPS
650 ## - SUBJECT ADDED ENTRY--TOPICAL TERM
Topical term or geographic name entry element PPG6
650 ## - SUBJECT ADDED ENTRY--TOPICAL TERM
Topical term or geographic name entry element PRESTON
650 ## - SUBJECT ADDED ENTRY--TOPICAL TERM
Topical term or geographic name entry element HULL
650 ## - SUBJECT ADDED ENTRY--TOPICAL TERM
Topical term or geographic name entry element RETAIL PARKS
650 ## - SUBJECT ADDED ENTRY--TOPICAL TERM
Topical term or geographic name entry element RETAIL WAREHOUSE PARKS
650 ## - SUBJECT ADDED ENTRY--TOPICAL TERM
Topical term or geographic name entry element RETAIL WAREHOUSES
690 ## - LOCAL SUBJECT ADDED ENTRY--TOPICAL TERM (OCLC, RLIN)
Topical term or geographic name as entry element COMMERCIAL PROPERTY-RETAIL
942 ## - ADDED ENTRY ELEMENTS (KOHA)
Suppress in OPAC 0
Holdings
Withdrawn status Lost status Source of classification or shelving scheme Damaged status Not for loan Home library Current library Shelving location Date acquired Total Checkouts Full call number Barcode Date last seen Copy number Price effective from Koha item type
    Dewey Decimal Classification     London London Journal article 24/05/2004   ABS67821 126265-1001 06/08/2019 1 06/08/2019 Journal article